Regional Express Routes - Statistics

General Stats
  • This quiz has been taken 4 times
  • The average score is 27 of 51
Answers on the Map
Answers color-coded by a green-red scale on the quiz's map according to % correct below.
 
Answer Stats
Airport % Correct
Albury
100%
Brisbane
100%
Broken Hill
100%
Cairns
100%
Melbourne
100%
Mount Isa
100%
Perth
100%
Sydney
100%
Wagga Wagga
100%
Adelaide
75%
Albany
75%
Coffs Harbour
75%
Dubbo
75%
Esperance
75%
Orange
75%
Port Lincoln
75%
Toowoomba
75%
Townsville
75%
Burnie
50%
Carnarvon
50%
Coober Pedy
50%
Devonport
50%
Griffith
50%
Hughenden
50%
Julia Creek
50%
King Island
50%
Longreach
50%
Merimbula
50%
Monkey Mia
50%
Mornington Island
50%
Narrandera
50%
Normanton
50%
Parkes
50%
Port Macquarie
50%
Birdsville
25%
Burketown
25%
Ceduna
25%
Charleville
25%
Doomadgee
25%
Moruya
25%
Mount Gambier
25%
Richmond
25%
Roma
25%
St George
25%
Winton
25%
Bedourie
0%
Boulia
0%
Cunnamulla
0%
Quilpie
0%
Thargomindah
0%
Windorah
0%
No matching quizzes found
Score Distribution
Percent of People with Each Score
Percentile by Number Answered
Your Score History
You have not taken this quiz